000 00258nam a22001097a 4500
008 240603b |||||||| |||| 00| 0 eng d
100 _aSadankar Bandyopadhyay
_915189
245 _aKancha Mithe
260 _bGurudas Upadhyay:
300 _a204p.
942 _cBK
999 _c39485
_d39485